Cambridge English IELTS 12 (Record no. 161766)

MARC details
000 -LEADER
fixed length control field 00603nam a22001697a 4500
005 - DATE AND TIME OF LATEST TRANSACTION
control field 20190227162900.0
010 ## - LCCN (DPL NO)
LC control number B-713304
020 ## - INTERNATIONAL STANDARD BOOK NUMBER
International Standard Book Number 9781108677127
Terms of availability 475.00
035 ## - SYSTEM CONTROL NUMBER
System control number B-713304
037 ## - SOURCE OF ACQUISITION
Source of stock number/acquisition L/RP/RK Books
082 ## - DEWEY DECIMAL CLASSIFICATION NUMBER
Classification number 480.76
245 ## - TITLE STATEMENT
Title Cambridge English IELTS 12
Remainder of title Acedemic With Answers
260 ## - PUBLICATION, DISTRIBUTION, ETC. (IMPRINT)
Name of publisher, distributor, etc Cambridge University Press
Date of publication, distribution, etc 2018
300 ## - PHYSICAL DESCRIPTION
Extent 136p
Dimensions 23cm(pbk)
942 ## - ADDED ENTRY ELEMENTS (KOHA)
Source of classification or shelving scheme Dewey Decimal Classification
Item type English Books
Classification part 480.76
Call number suffix CAM
Holdings
Withdrawn status Lost status Not for loan Collection code Home library Current library Date acquired Source of acquisition Cost, normal purchase price Full call number Barcode Copy number Cost, replacement price Koha item type Public note
      Non-fiction Central Library Central Library 27/02/2019 R.K.Books/IN3323/15.02.2019/175/09.01.2019/27.02.2019 475.00 480.76 CAM B-713304 1 475.00 English Books RP

© Delhi Public Library
Hit Counter
free hit counter